000 00990nam a2200325 a 4500
001 000108271
003 CHAP
005 20220329144005.0
008 140121s2013 flua |r| |||1|||eng d
010 _a104733
011 _a105705
020 _a9781466567214
040 _cCHAP
082 0 4 _a615.902
_bP57
100 1 _aPhilp, Richard B.
_9125207
245 1 0 _aEcosystems and human health :
_btoxicology and environmental hazards /
_cpor Richard B. Philp.
250 _a3 ed.
260 _aBoca Raton :
_bCRC Press,
_cc2013.
300 _axix, 418 p. :
_bil., gráfs., diags., laminas, tablas.
590 _aE11695DGD
_b10
_c20140122
_lUCH01
_h0903
590 _aE6096MTM
_b05
_c20140121
_lUCH01
_h1335
650 1 4 _aAgua
_xAbastecimiento.
_92223
650 1 4 _aIngeniería ambiental.
_958207
650 1 4 _aMedio ambiente
_xInvestigación.
_974093
650 1 4 _aSalud animal
_9101809
650 1 4 _aToxicología ambiental.
_9125192
901 _aBK
942 _cLIBRO
942 _n0
999 _c104733
_d104733